[Event "Wch Juvenil 2013 sub-18"]
[Site "Al-Ain UAE"]
[Date "2013.12.21"]
[Round "5.39"]
[White "Bargandzhiya, Zaza"]
[Black "Olund, Joar"]
[Result "0-1"]
[WhiteElo "2039"]
[BlackElo "2236"]
[PlyCount "94"]
[EventDate "2013.12.19"]
[EventType "swiss"]
[EventRounds "11"]
[EventCountry "UAE"]
[Source "lmi"]
[SourceDate "2013.12.19"]

1. d4 Nf6 2. c4 g6 3. Nf3 Bg7 4. g3 O-O 5. Bg2 d6 6. O-O Nc6 7. Nc3 Bf5 8. d5
Na5 9. Nd4 Bd7 10. b3 c5 11. Nc2 a6 12. Rb1 Rb8 13. Bb2 b5 14. Qd3 Qc8 15. Rfe1
Bh3 16. Bh1 bxc4 17. bxc4 h5 18. Ba1 Nd7 19. f4 h4 20. Rxb8 Qxb8 21. Rb1 Qc7
22. Nd1 Bxa1 23. Rxa1 Nf6 24. Nf2 Bd7 25. Rb1 Rb8 26. Ne3 Rb6 27. Ne4 Qb8 28.
Nxf6+ exf6 29. Rxb6 Qxb6 30. f5 gxf5 31. Kf2 Qb2 32. Bf3 hxg3+ 33. hxg3 Qxa2
34. Qc3 Kg7 35. Qd3 Qb2 36. Nxf5+ Bxf5 37. Qxf5 Qe5 38. Qg4+ Qg5 39. Qe4 Nb3
40. Qe7 Qe5 41. Qb7 Qd4+ 42. Kg2 Nd2 43. Bh5 Qe4+ 44. Kg1 Qb1+ 45. Qxb1 Nxb1
46. e3 a5 47. Bd1 Nc3 0-1

[Event "Wch Juvenil 2013 sub-18"]
[Site "Al-Ain UAE"]
[Date "2013.12.21"]
[Round "5.40"]
[White "Meylan, Andre"]
[Black "Baskara, Fiodias"]
[Result "1-0"]
[WhiteElo "2193"]
[BlackElo "1936"]
[PlyCount "65"]
[EventDate "2013.12.19"]
[EventType "swiss"]
[EventRounds "11"]
[EventCountry "UAE"]
[Source "lmi"]
[SourceDate "2013.12.19"]

1. e4 c6 2. d4 d5 3. Nd2 dxe4 4. Nxe4 Nf6 5. Nxf6+ exf6 6. c3 Bd6 7. Bd3 O-O 8.
Qc2 Re8+ 9. Ne2 g6 10. h4 Be6 11. h5 f5 12. hxg6 fxg6 13. Bh6 Qf6 14. O-O-O Nd7
15. Kb1 Qf7 16. b3 c5 17. Bf4 Bf8 18. dxc5 Nxc5 19. Nd4 Bd5 20. f3 Rec8 21. Be5
Nd7 22. Bf4 Bg7 23. Qb2 a5 24. Bb5 Nb6 25. Rhe1 a4 26. c4 axb3 27. axb3 Bxc4
28. bxc4 Nxc4 29. Bxc4 Qxc4 30. Be5 Ra4 31. Nc2 Bxe5 32. Rxe5 Rca8 33. Re7 1-0

[Event "Wch Juvenil 2013 sub-18"]
[Site "Al-Ain UAE"]
[Date "2013.12.21"]
[Round "5.41"]
[White "Ramos Libon, Jean Piere"]
[Black "Starcevs, Dmitrijs"]
[Result "0-1"]
[WhiteElo "1947"]
[BlackElo "2178"]
[PlyCount "124"]
[EventDate "2013.12.19"]
[EventType "swiss"]
[EventRounds "11"]
[EventCountry "UAE"]
[Source "lmi"]
[SourceDate "2013.12.19"]

1. d4 Nf6 2. Nf3 g6 3. c4 Bg7 4. Nc3 d5 5. Bf4 O-O 6. cxd5 Nxd5 7. Nxd5 Qxd5 8.
Bxc7 Nc6 9. e3 Bf5 10. Qa4 Rfc8 11. Bc4 Qd7 12. Bg3 Nxd4 13. Qxd7 Nxf3+ 14.
gxf3 Bxd7 15. Bd5 Bxb2 16. Rb1 Bc3+ 17. Ke2 Rc5 18. Bxb7 Re8 19. Ba6 Ra5 20.
Bc4 Rc8 21. Rb8 Rxb8 22. Bxb8 Be6 23. Bb3 Bxb3 24. axb3 Ra2+ 25. Kd3 Bb4 26.
Kc4 a5 27. Bg3 Rc2+ 28. Kb5 h5 29. Rd1 Rc5+ 30. Ka4 f6 31. Rd7 Kf8 32. Rc7 Rd5
33. Rc2 g5 34. h4 Kf7 35. f4 gxh4 36. Bxh4 Rd1 37. f5 Rh1 38. Rc4 Ra1+ 39. Kb5
Rd1 40. Rd4 Rb1 41. Ka4 Rc1 42. Rc4 Ra1+ 43. Kb5 Ra3 44. Bg3 Rxb3 45. Ka4 Ra3+
46. Kb5 Rc3 47. Rf4 Rc1 48. Ka4 Ra1+ 49. Kb3 Bd6 50. Rf3 Bc5 51. Rf4 Rb1+ 52.
Ka4 Bd6 53. Re4 Bxg3 54. fxg3 Rg1 55. Rh4 Rxg3 56. Rxh5 Rxe3 57. Kxa5 Kg7 58.
Kb4 Re5 59. Kc3 e6 60. Kd4 Rxf5 61. Rxf5 exf5 62. Ke3 Kh6 0-1

[Event "Wch Juvenil 2013 sub-18"]
[Site "Al-Ain UAE"]
[Date "2013.12.21"]
[Round "5.42"]
[White "Pon, Matt"]
[Black "Lugovskoy, Maxim"]
[Result "0-1"]
[WhiteElo "2006"]
[BlackElo "2392"]
[PlyCount "80"]
[EventDate "2013.12.19"]
[EventType "swiss"]
[EventRounds "11"]
[EventCountry "UAE"]
[Source "lmi"]
[SourceDate "2013.12.19"]

1. d4 d5 2. c4 e6 3. cxd5 exd5 4. Nc3 Be7 5. Bf4 Nf6 6. e3 Bf5 7. Bd3 Bxd3 8.
Qxd3 O-O 9. h3 c6 10. Nf3 Nbd7 11. O-O Re8 12. Rab1 a5 13. a3 Nb6 14. Ne5 Nfd7
15. Qc2 Nxe5 16. Bxe5 Nc4 17. Bh2 Bd6 18. Bxd6 Qxd6 19. Ne2 b5 20. Nf4 a4 21.
Nd3 Re6 22. Rbe1 Rae8 23. Nc5 R6e7 24. Re2 g6 25. Rfe1 f5 26. Kh1 Qf6 27. Qc3
g5 28. Kh2 Qd6+ 29. Kg1 Qg6 30. Nd3 Re4 31. f3 R4e7 32. f4 g4 33. hxg4 fxg4 34.
g3 Rxe3 35. Rxe3 Rxe3 36. Rxe3 Nxe3 37. Nf2 Nf5 38. Kg2 h5 39. Qd3 h4 40. gxh4
g3 0-1

[Event "Wch Juvenil 2013 sub-18"]
[Site "Al-Ain UAE"]
[Date "2013.12.21"]
[Round "5.44"]
[White "Du Toit, Stefan"]
[Black "Patil, Pratik"]
[Result "1/2-1/2"]
[WhiteElo "1822"]
[BlackElo "2265"]
[PlyCount "130"]
[EventDate "2013.12.19"]
[EventType "swiss"]
[EventRounds "11"]
[EventCountry "UAE"]
[Source "lmi"]
[SourceDate "2013.12.19"]

1. c4 Nf6 2. Nc3 d5 3. cxd5 Nxd5 4. g3 g6 5. Bg2 Nb6 6. d3 Bg7 7. Be3 O-O 8.
Qd2 Nc6 9. Bxc6 bxc6 10. Bh6 Nd5 11. Bxg7 Kxg7 12. Nf3 Bg4 13. Ne5 Bh3 14. Rc1
Nf6 15. Nxc6 Qd6 16. Na5 Rfd8 17. f3 Rab8 18. Ne4 Nxe4 19. fxe4 Qf6 20. Nc4 Bg2
21. Rg1 Bxe4 22. Rf1 Bf5 23. Qc3 Qxc3+ 24. Rxc3 Be6 25. b3 a5 26. Nxa5 Ra8 27.
b4 Bxa2 28. Rxc7 Rdb8 29. Rf4 e5 30. Re4 Rb5 31. Nc4 Rxb4 32. Rxe5 Rb1+ 33. Kf2
Ra6 34. Nd2 Rf6+ 35. Ke3 Rh1 36. Ne4 Rb6 37. h4 h6 38. Ree7 Rh2 39. Nc5 Rb2 40.
Kf3 Bd5+ 41. e4 Rbe2 42. Kf4 Kf6 43. e5+ Kg7 44. Ne4 Bxe4 45. Rxf7+ Kg8 46.
Rg7+ Kf8 47. dxe4 Rhf2+ 48. Kg4 Rxe4+ 49. Kh3 h5 50. Rh7 Kg8 51. Rcg7+ Kf8 52.
Rxg6 Rxe5 53. Rg5 Rxg5 54. hxg5 Ra2 55. Rxh5 Ra5 56. Kh4 Ra4+ 57. g4 Kg7 58.
Rh6 Ra1 59. Rf6 Rh1+ 60. Kg3 Rg1+ 61. Kh3 Rh1+ 62. Kg2 Ra1 63. Kf2 Rb1 64. Rd6
Rb5 65. g6 Rg5 1/2-1/2

[Event "Wch Juvenil 2013 sub-18"]
[Site "Al-Ain UAE"]
[Date "2013.12.21"]
[Round "5.46"]
[White "Grigorian, Roudolph"]
[Black "Martinez Maya, Steven"]
[Result "1-0"]
[WhiteElo "2101"]
[PlyCount "93"]
[EventDate "2013.12.19"]
[EventType "swiss"]
[EventRounds "11"]
[EventCountry "UAE"]
[Source "lmi"]
[SourceDate "2013.12.19"]
[BlackElo "2065"]

1. e4 c5 2. Nc3 d6 3. Nge2 Nf6 4. g3 g6 5. d4 cxd4 6. Nxd4 Bg7 7. Bg2 O-O 8.
O-O Bg4 9. Nde2 Nc6 10. h3 Bd7 11. Nd5 Na5 12. Nec3 Rc8 13. Rb1 Nxd5 14. Nxd5
Bb5 15. Re1 e6 16. Ne3 Qc7 17. c3 Rfd8 18. Nc2 Be8 19. Nd4 h6 20. f4 Qb6 21.
Be3 Nc4 22. Bf2 Qa5 23. a4 a6 24. b3 Nb6 25. c4 Na8 26. Re2 Nc7 27. Ra2 Qb4 28.
Nc2 Qc3 29. Be1 Qf6 30. Qe2 Qe7 31. a5 d5 32. exd5 Bf6 33. Bb4 Bd4+ 34. Kh2 Bc5
35. Bxc5 Qxc5 36. dxe6 Nxe6 37. Bxb7 Rc7 38. Bd5 Rxd5 39. cxd5 Qxd5 40. Nb4 Qf5
41. Re1 Rb7 42. Qd2 h5 43. Re5 Qb1 44. Nd5 h4 45. Nf6+ Kh8 46. Nxe8 Rxb3 47.
Rxe6 1-0

[Event "Wch Juvenil 2013 sub-18"]
[Site "Al-Ain UAE"]
[Date "2013.12.21"]
[Round "5.47"]
[White "Murad, Abdulla"]
[Black "Eltigani, Omar"]
[Result "0-1"]
[WhiteElo "1738"]
[BlackElo "2288"]
[PlyCount "68"]
[EventDate "2013.12.19"]
[EventType "swiss"]
[EventRounds "11"]
[EventCountry "UAE"]
[Source "lmi"]
[SourceDate "2013.12.19"]

1. Nf3 d5 2. d4 Nf6 3. c4 c6 4. cxd5 cxd5 5. Nc3 Nc6 6. Bf4 Ne4 7. e3 Nxc3 8.
bxc3 e6 9. Bd3 Bd6 10. Bxd6 Qxd6 11. O-O h6 12. c4 dxc4 13. Bxc4 O-O 14. Rb1 b6
15. Qe2 Na5 16. Ba6 Qa3 17. Bxc8 Raxc8 18. Qb2 Qxb2 19. Rxb2 Rc3 20. Nd2 Rfc8
21. Nb3 Nc4 22. Rbb1 Na3 23. Ra1 Rc2 24. Rfc1 a5 25. Rxc2 Rxc2 26. g3 g5 27. h3
h5 28. g4 h4 29. Kg2 a4 30. Nc1 Nc4 31. Kf3 Nd2+ 32. Kg2 Ne4 33. Nd3 Rd2 34.
Kf3 f5 0-1

[Event "Wch Juvenil 2013 sub-18"]
[Site "Al-Ain UAE"]
[Date "2013.12.21"]
[Round "5.48"]
[White "Drnovsek, Gal"]
[Black "Al Zarooni, Ahmed"]
[Result "1-0"]
[WhiteElo "2232"]
[BlackElo "1723"]
[PlyCount "73"]
[EventDate "2013.12.19"]
[EventType "swiss"]
[EventRounds "11"]
[EventCountry "UAE"]
[Source "lmi"]
[SourceDate "2013.12.19"]

1. d4 d5 2. c4 c6 3. Nf3 Nf6 4. e3 a6 5. Nc3 dxc4 6. a4 Bg4 7. h3 Bh5 8. Bxc4
e6 9. O-O Be7 10. Be2 O-O 11. e4 Bg6 12. Qc2 Nbd7 13. Bd3 c5 14. d5 exd5 15.
exd5 Bxd3 16. Qxd3 Bd6 17. Bg5 Qc7 18. Nd2 h6 19. Bh4 Rac8 20. Rad1 c4 21. Qf5
g5 22. Bg3 Bxg3 23. fxg3 Qxg3 24. Nde4 Nxe4 25. Nxe4 Qe5 26. Qxd7 Qxe4 27. Qd6
c3 28. bxc3 Rxc3 29. Qxh6 Qe3+ 30. Kh1 Qg3 31. Rf5 f6 32. Qg6+ Kh8 33. Rxf6
Rxf6 34. Qxf6+ Kg8 35. Qg6+ Kf8 36. Rf1+ Ke7 37. Rf7+ 1-0

[Event "Wch Juvenil 2013 sub-18"]
[Site "Al-Ain UAE"]
[Date "2013.12.21"]
[Round "5.49"]
[White "Atanasov, Anatoli"]
[Black "Hu, Ting-Rey"]
[Result "1-0"]
[WhiteElo "2041"]
[BlackElo "1562"]
[PlyCount "62"]
[EventDate "2013.12.19"]
[EventType "swiss"]
[EventRounds "11"]
[EventCountry "UAE"]
[Source "lmi"]
[SourceDate "2013.12.19"]

1. d4 c5 2. d5 Nf6 3. c4 g6 4. Nc3 d6 5. e4 Bg7 6. Be2 O-O 7. Bg5 a6 8. a4 Nbd7
9. f4 Qb6 10. Qd2 Qc7 11. Nf3 b6 12. O-O Bb7 13. Rfe1 Rfe8 14. Bd3 Rab8 15. e5
dxe5 16. fxe5 Ng4 17. Bxe7 Ngxe5 18. d6 Nxf3+ 19. gxf3 Qc8 20. Be4 Ne5 21. Nd5
Bxd5 22. Bxd5 Qh3 23. Qg2 Qh5 24. Rad1 h6 25. f4 Ng4 26. Bf3 Bd4+ 27. Rxd4 cxd4
28. Bxg4 Qc5 29. Qd5 Qb4 30. Re4 Qxb2 31. d7 Rxe7 1-0

[Event "Wch Juvenil 2013 sub-18"]
[Site "Al-Ain UAE"]
[Date "2013.12.21"]
[Round "5.50"]
[White "Esenbek Uulu, Bakai"]
[Black "Sengupta, Arjun"]
[Result "1-0"]
[WhiteElo "2009"]
[BlackElo "1533"]
[PlyCount "75"]
[EventDate "2013.12.19"]
[EventType "swiss"]
[EventRounds "11"]
[EventCountry "UAE"]
[Source "lmi"]
[SourceDate "2013.12.19"]

1. e4 e5 2. Nf3 Nc6 3. Bc4 Bc5 4. d3 d6 5. h3 h6 6. c3 Nf6 7. a4 a6 8. b4 Ba7
9. O-O O-O 10. Be3 Bxe3 11. fxe3 Be6 12. Nbd2 Re8 13. Qb3 d5 14. exd5 Bxd5 15.
Rad1 Bxc4 16. Nxc4 b5 17. Na3 bxa4 18. Qxa4 Qd6 19. Nc4 Qe6 20. e4 Nh5 21. Ne3
Nf4 22. Kh2 Red8 23. Qc2 g6 24. Ng4 h5 25. Ne3 Qe7 26. g3 Ne6 27. Nd5 Qd6 28.
Qd2 Kg7 29. Ng5 Nxg5 30. Qxg5 Qd7 31. Nf6 Qd6 32. Nxh5+ Kg8 33. Rf6 Qe7 34. h4
Kf8 35. Qxg6 Rd6 36. Qg7+ Ke8 37. Qg8+ Kd7 38. Rxd6+ 1-0

[Event "Wch Juvenil 2013 sub-18"]
[Site "Al-Ain UAE"]
[Date "2013.12.21"]
[Round "5.59"]
[White "Marwizi, Tanaka"]
[Black "Harutyunyan, Axel"]
[Result "1-0"]
[BlackElo "1811"]
[PlyCount "73"]
[EventDate "2013.12.19"]
[EventType "swiss"]
[EventRounds "11"]
[EventCountry "UAE"]
[Source "lmi"]
[SourceDate "2013.12.19"]
[WhiteElo "2264"]

1. d4 Nf6 2. c4 e6 3. Nc3 Bb4 4. a3 Bxc3+ 5. bxc3 d5 6. e3 b6 7. Bd3 Bb7 8. f3
Nbd7 9. Qe2 O-O 10. e4 c5 11. cxd5 exd5 12. Kf1 dxe4 13. fxe4 Re8 14. e5 Nd5
15. Bd2 f6 16. Qh5 Nf8 17. Nf3 cxd4 18. cxd4 fxe5 19. Nxe5 Nf6 20. Qf7+ Kh8 21.
Qb3 Bd5 22. Bc4 Ne4 23. Be3 Qf6+ 24. Ke2 Rad8 25. Rac1 Rxe5 26. dxe5 Qxe5 27.
Bxd5 Qh5+ 28. Ke1 Rxd5 29. Rf1 Rd8 30. Qf7 Qa5+ 31. Ke2 Ng6 32. Rc7 Rd2+ 33.
Bxd2 Qxd2+ 34. Kf3 Ne5+ 35. Kxe4 Qe2+ 36. Kd5 Qb5+ 37. Ke6 1-0

[Event "Wch Juvenil 2013 sub-18"]
[Site "Al-Ain UAE"]
[Date "2013.12.22"]
[Round "6.1"]
[White "Idani, Pouya"]
[Black "Gabuzyan, Hovhannes"]
[Result "1-0"]
[WhiteElo "2483"]
[BlackElo "2532"]
[PlyCount "83"]
[EventDate "2013.12.19"]
[EventType "swiss"]
[EventRounds "11"]
[EventCountry "UAE"]
[Source "lmi"]
[SourceDate "2013.12.19"]

1. e4 e5 2. Nf3 Nc6 3. Bb5 Nf6 4. d3 Bc5 5. Bxc6 dxc6 6. O-O Nd7 7. Nbd2 O-O 8.
Nc4 Qe7 9. Bd2 Bd6 10. Re1 Rd8 11. d4 f6 12. dxe5 Nxe5 13. Ncxe5 Bxe5 14. Qc1
Re8 15. Nxe5 Qxe5 16. Bc3 Qe7 17. Qf4 Be6 18. Re3 Rad8 19. h4 Kh8 20. Rae1 Qf7
21. Rg3 Rf8 22. Qf3 h5 23. a3 Rd7 24. Kh2 Kh7 25. Qf4 Bg4 26. Qe3 a6 27. Qa7 b6
28. f3 Be6 29. Qxa6 g5 30. f4 Bc4 31. Qa4 gxf4 32. Rf3 Qe6 33. Rxf4 Rg7 34. Re3
c5 35. b3 Qd6 36. e5 fxe5 37. Rxf8 e4+ 38. Kg1 Qd1+ 39. Be1 Qxc2 40. Rf2 Qc1
41. Rxe4 Bd5 42. Qe8 1-0

[Event "Wch Juvenil 2013 sub-18"]
[Site "Al-Ain UAE"]
[Date "2013.12.22"]
[Round "6.2"]
[White "Ma, Zhonghan"]
[Black "Cori, Jorge"]
[Result "1-0"]
[WhiteElo "2412"]
[BlackElo "2609"]
[PlyCount "66"]
[EventDate "2013.12.19"]
[EventType "swiss"]
[EventRounds "11"]
[EventCountry "UAE"]
[Source "lmi"]
[SourceDate "2013.12.19"]

1. Nf3 Nf6 2. c4 g6 3. Nc3 Bg7 4. g3 O-O 5. Bg2 c5 6. O-O Nc6 7. d4 cxd4 8.
Nxd4 Qa5 9. Nb3 Qh5 10. e4 d6 11. Qxh5 Nxh5 12. Be3 Nf6 13. c5 Ng4 14. Bf4 dxc5
15. Nxc5 b6 16. e5 bxc5 17. Bxc6 Rb8 18. Nd5 Ba6 19. Nxe7+ Kh8 20. Rfc1 Rxb2
21. Rxc5 Nxf2 22. Ra5 Bc4 23. Bg2 Nd3 24. Rd1 Rfb8 25. Bd5 Nxf4 26. gxf4 Be2
27. Re1 Bh6 28. Nc6 Rc8 29. Nd4 Bg4 30. e6 Bg7 31. Ra4 Bxd4+ 32. Rxd4 fxe6 33.
Bb3 Kg7 1-0

[Event "Wch Juvenil 2013 sub-18"]
[Site "Al-Ain UAE"]
[Date "2013.12.22"]
[Round "6.3"]
[White "Ebeling, Daniel"]
[Black "Anton Guijarro, David"]
[Result "0-1"]
[WhiteElo "2374"]
[BlackElo "2558"]
[PlyCount "182"]
[EventDate "2013.12.19"]
[EventType "swiss"]
[EventRounds "11"]
[EventCountry "UAE"]
[Source "lmi"]
[SourceDate "2013.12.19"]

1. e4 g6 2. d4 Bg7 3. Nf3 d6 4. Bc4 Nf6 5. Qe2 O-O 6. e5 dxe5 7. dxe5 Nd5 8. h3
c6 9. O-O Be6 10. Ng5 Nd7 11. Nxe6 fxe6 12. Nc3 Qb6 13. Ne4 Nxe5 14. Bb3 a5 15.
Be3 Nxe3 16. Qxe3 Qxe3 17. Bxe6+ Kh8 18. fxe3 Bh6 19. Rxf8+ Rxf8 20. Re1 Kg7
21. b3 Nf7 22. Bg4 b6 23. Be6 Ng5 24. Nxg5 Bxg5 25. Bc4 b5 26. Bd3 a4 27. g3 a3
28. Kg2 h5 29. Rf1 Bf6 30. Rf4 Rd8 31. h4 Bc3 32. Rf1 Be5 33. Rf2 Bc7 34. Rf1
Rd5 35. Rf3 Re5 36. Kf2 e6 37. e4 g5 38. Kg2 g4 39. Rf1 Rc5 40. Rf2 Be5 41. b4
Rc3 42. Rf1 Bd6 43. Rb1 Kf6 44. Kf2 Ke5 45. Ke3 Bf8 46. Kd2 Kd4 47. e5 Be7 48.
Rf1 Bxb4 49. Rf4+ Kc5 50. Ke2 Ba5 51. Rf8 Kd4 52. Ra8 Bb4 53. Rd8+ Kxe5 54. Rh8
c5 55. Rxh5+ Kd6 56. Rg5 c4 57. Be4 Rxg3 58. Kf2 Be1+ 59. Kxe1 Re3+ 60. Kf2
Rxe4 61. Rxb5 Re5 62. Rb4 Kc5 63. Ra4 g3+ 64. Kxg3 Re3+ 65. Kf4 Rc3 66. Ke4
Rxc2 67. Rxa3 Rh2 68. Ra8 Rxh4+ 69. Ke3 Kb4 70. Re8 Rh2 71. Rxe6 Rxa2 72. Rh6
Kb3 73. Rb6+ Kc3 74. Rc6 Ra8 75. Ke2 Rd8 76. Rc7 Kb3 77. Rb7+ Kc2 78. Rc7 c3
79. Rc6 Re8+ 80. Kf3 Kd2 81. Rd6+ Kc1 82. Rc6 c2 83. Rb6 Re1 84. Kf2 Re5 85.
Rb8 Kd2 86. Rd8+ Kc3 87. Rc8+ Kd3 88. Kf3 Rf5+ 89. Kg3 Rf1 90. Rd8+ Ke4 91.
Re8+ Kd5 0-1

[Event "Wch Juvenil 2013 sub-18"]
[Site "Al-Ain UAE"]
[Date "2013.12.22"]
[Round "6.4"]
[White "Lewtak, Damian"]
[Black "Naroditsky, Daniel"]
[Result "0-1"]
[WhiteElo "2306"]
[BlackElo "2531"]
[PlyCount "76"]
[EventDate "2013.12.19"]
[EventType "swiss"]
[EventRounds "11"]
[EventCountry "UAE"]
[Source "lmi"]
[SourceDate "2013.12.19"]

1. e4 e5 2. Nf3 Nc6 3. Bb5 a6 4. Ba4 Nf6 5. d3 b5 6. Bb3 Be7 7. Nc3 d6 8. Nd5
Na5 9. Nxe7 Qxe7 10. h3 Bb7 11. Nh4 g6 12. Nf3 c5 13. Bh6 Nxb3 14. axb3 Nd7 15.
Qe2 Nf8 16. h4 Ne6 17. c3 f6 18. Rd1 g5 19. hxg5 fxg5 20. Qe3 Rg8 21. g3 O-O-O
22. Rh5 Qf7 23. Rh2 Qf6 24. Rh5 Qg6 25. Rh2 Rd7 26. Ke2 Rf7 27. Rdh1 c4 28.
bxc4 bxc4 29. Nd2 cxd3+ 30. Ke1 d5 31. f3 d4 32. Qxd3 Nc5 33. Qc4 Rc7 34. Qa2
dxc3 35. bxc3 Rd8 36. Rh5 g4 37. Be3 gxf3 38. Kf2 Rxd2+ 0-1

[Event "Wch Juvenil 2013 sub-18"]
[Site "Al-Ain UAE"]
[Date "2013.12.22"]
[Round "6.5"]
[White "Bajarani, Ulvi"]
[Black "Drozdowski, Kacper"]
[Result "1/2-1/2"]
[WhiteElo "2500"]
[BlackElo "2463"]
[PlyCount "131"]
[EventDate "2013.12.19"]
[EventType "swiss"]
[EventRounds "11"]
[EventCountry "UAE"]
[Source "lmi"]
[SourceDate "2013.12.19"]

1. e4 c5 2. Nf3 e6 3. c3 d5 4. exd5 exd5 5. d4 Nc6 6. Bb5 Bd6 7. O-O Nge7 8.
dxc5 Bxc5 9. Nbd2 O-O 10. Nb3 Bd6 11. Bg5 Qc7 12. Bh4 Nf5 13. Bg5 h6 14. Bd2
Be6 15. Bd3 Rac8 16. Rc1 Rfd8 17. Re1 Qb6 18. a3 Bf8 19. h3 Bd7 20. Qc2 Re8 21.
Bf4 a5 22. Rxe8 Rxe8 23. Nbd2 Nd6 24. Rd1 Be6 25. Be3 Qc7 26. a4 Qc8 27. Nb3
Nc4 28. Bf4 b6 29. Nbd4 Nxd4 30. Nxd4 Bd7 31. b3 Nd6 32. Be3 Ne4 33. c4 Nf6 34.
Nb5 Bc5 35. Bxc5 Qxc5 36. cxd5 Qxc2 37. Bxc2 Bxb5 38. axb5 Rd8 39. d6 g6 40. f3
Rd7 41. Be4 Ne8 42. Bc6 Rxd6 43. Re1 Nc7 44. Re7 Ne6 45. Rb7 Nd4 46. Rxb6 Kg7
47. Ra6 Nxb3 48. Kh2 Rd4 49. b6 Rb4 50. Bd5 a4 51. b7 Nc5 52. Ra7 h5 53. f4 h4
54. Kg1 a3 55. Rxa3 Nxb7 56. Ra7 Nd6 57. Rd7 Rb6 58. Kf2 Kf8 59. Kf3 Ke8 60.
Ra7 Rb4 61. Ra8+ Ke7 62. Ra7+ Ke8 63. Ra4 Rxa4 64. Bc6+ Ke7 65. Bxa4 f5 66. Ke3
1/2-1/2

[Event "Wch Juvenil 2013 sub-18"]
[Site "Al-Ain UAE"]
[Date "2013.12.22"]
[Round "6.6"]
[White "Grigoryan, Karen H"]
[Black "Makhmutov, Rail"]
[Result "1/2-1/2"]
[WhiteElo "2604"]
[BlackElo "2396"]
[PlyCount "60"]
[EventDate "2013.12.19"]
[EventType "swiss"]
[EventRounds "11"]
[EventCountry "UAE"]
[Source "lmi"]
[SourceDate "2013.12.19"]

1. c4 Nf6 2. Nc3 e5 3. g3 Nc6 4. Bg2 Bc5 5. Nf3 d6 6. e3 O-O 7. O-O a6 8. a3
Ba7 9. b4 Be6 10. Qe2 Qd7 11. Re1 Bh3 12. Bh1 h6 13. d3 Rae8 14. Rb1 Ng4 15. b5
axb5 16. cxb5 Ne7 17. a4 Bb6 18. Qa2 Ba5 19. Bd2 Ra8 20. d4 Qf5 21. e4 Qf6 22.
dxe5 Nxe5 23. Nxe5 dxe5 24. Bg2 Bxg2 25. Kxg2 Rfd8 26. Qc2 Qd6 27. Red1 Qd3 28.
Qxd3 Rxd3 29. Be1 Rxd1 30. Rxd1 Kf8 1/2-1/2

[Event "Wch Juvenil 2013 sub-18"]
[Site "Al-Ain UAE"]
[Date "2013.12.22"]
[Round "6.8"]
[White "Srbis, Jurica"]
[Black "Vaibhav, Suri"]
[Result "0-1"]
[WhiteElo "2399"]
[BlackElo "2544"]
[PlyCount "76"]
[EventDate "2013.12.19"]
[EventType "swiss"]
[EventRounds "11"]
[EventCountry "UAE"]
[Source "lmi"]
[SourceDate "2013.12.19"]

1. e4 e5 2. Nf3 Nc6 3. Bb5 a6 4. Ba4 Nf6 5. O-O Be7 6. d4 exd4 7. Re1 b5 8. e5
Nxe5 9. Rxe5 d6 10. Re1 bxa4 11. Nxd4 Qd7 12. Bg5 O-O 13. Qf3 d5 14. Nc3 Bb7
15. Nf5 Bd8 16. Rad1 Re8 17. Rxe8+ Qxe8 18. Qg3 g6 19. Bxf6 Bxf6 20. Nh6+ Kf8
21. Ng4 Bg7 22. Qxc7 Qc6 23. Qxc6 Bxc6 24. Nxd5 Bxb2 25. Nge3 Ba3 26. c4 Rb8
27. Nc3 Bc5 28. Rb1 Rxb1+ 29. Nxb1 Ke7 30. Kf1 Kd6 31. Nd2 Bd4 32. a3 Bb2 33.
Nc2 Bc1 34. Ke2 Bxg2 35. Ne1 Bc6 36. Nb1 Bf4 37. h3 Bd7 38. c5+ Kd5 0-1

[Event "Wch Juvenil 2013 sub-18"]
[Site "Al-Ain UAE"]
[Date "2013.12.22"]
[Round "6.9"]
[White "Dragun, Kamil"]
[Black "Izzat, Kanan"]
[Result "1-0"]
[WhiteElo "2530"]
[BlackElo "2385"]
[PlyCount "72"]
[EventDate "2013.12.19"]
[EventType "swiss"]
[EventRounds "11"]
[EventCountry "UAE"]
[Source "lmi"]
[SourceDate "2013.12.19"]

1. d4 d5 2. c4 dxc4 3. e4 Nf6 4. e5 Nd5 5. Bxc4 Nb6 6. Bd3 Nc6 7. Be3 Nb4 8.
Be4 f5 9. exf6 exf6 10. Nc3 f5 11. Bb1 N4d5 12. Nf3 Nxe3 13. fxe3 Bd6 14. O-O
O-O 15. a4 a5 16. e4 c6 17. Ne5 Qe7 18. exf5 Bxe5 19. dxe5 Qxe5 20. Qb3+ Nd5
21. Ba2 Kh8 22. Nxd5 cxd5 23. Qxd5 Qxd5 24. Bxd5 Rxf5 25. Rac1 Rxf1+ 26. Kxf1
Bd7 27. b3 Rf8+ 28. Ke2 b5 29. axb5 Bxb5+ 30. Ke3 g6 31. Ra1 Rd8 32. Ke4 Re8+
33. Kd4 Re2 34. Rxa5 Rd2+ 35. Ke5 Bf1 36. Kf6 h5 1-0

[Event "Wch Juvenil 2013 sub-18"]
[Site "Al-Ain UAE"]
[Date "2013.12.22"]
[Round "6.10"]
[White "Javanbakht, Nima"]
[Black "Abasov, Nijat"]
[Result "0-1"]
[WhiteElo "2374"]
[BlackElo "2510"]
[PlyCount "84"]
[EventDate "2013.12.19"]
[EventType "swiss"]
[EventRounds "11"]
[EventCountry "UAE"]
[Source "lmi"]
[SourceDate "2013.12.19"]

1. d4 Nf6 2. c4 e6 3. Nf3 b6 4. g3 Bb7 5. Bg2 c5 6. d5 exd5 7. Nh4 g6 8. Nc3
Bg7 9. cxd5 O-O 10. O-O d6 11. a4 Na6 12. e4 c4 13. Qe2 Nc5 14. Qxc4 Ba6 15.
Nb5 Qd7 16. Re1 Rac8 17. Bf4 Rfe8 18. e5 dxe5 19. Bxe5 Nxa4 20. Qxa4 Bxb5 21.
Qd4 Rc4 22. Qd2 Ne4 23. Bxe4 Rxe5 24. Bg2 Rd4 25. Qc2 Rxe1+ 26. Rxe1 Bf6 27.
Rd1 Rxd1+ 28. Qxd1 Bxb2 29. Nf3 a5 30. Qb3 Bf6 31. d6 a4 32. Qb4 Qc6 33. h4 Qc4
34. Qa3 Qc5 35. Qa2 Qxd6 36. Nd2 Qd4 37. Kh2 a3 38. Ne4 Be7 39. Qc2 Bc4 40. Nc3
b5 41. h5 b4 42. Ne2 Qd3 0-1

[Event "Wch Juvenil 2013 sub-18"]
[Site "Al-Ain UAE"]
[Date "2013.12.22"]
[Round "6.11"]
[White "Chigaev, Maksim"]
[Black "Rindlisbacher, Lars"]
[Result "1-0"]
[WhiteElo "2508"]
[BlackElo "2345"]
[PlyCount "69"]
[EventDate "2013.12.19"]
[EventType "swiss"]
[EventRounds "11"]
[EventCountry "UAE"]
[Source "lmi"]
[SourceDate "2013.12.19"]

1. Nf3 c5 2. e4 e6 3. d3 Nc6 4. g3 d5 5. Nbd2 Nf6 6. Bg2 Be7 7. O-O b6 8. Re1
Bb7 9. e5 Nd7 10. c4 d4 11. h4 h6 12. h5 Qc7 13. a3 a5 14. b3 O-O-O 15. Ne4 f5
16. exf6 gxf6 17. Ned2 Nf8 18. b4 cxb4 19. axb4 Bxb4 20. Ba3 Bc3 21. Rb1 Nb4
22. Bxb4 Bxb4 23. Re2 e5 24. c5 Bxc5 25. Nc4 Bd5 26. Nxb6+ Bxb6 27. Rc2 Bc5 28.
Qc1 Ne6 29. Bh3 Kd7 30. Rxc5 Qd6 31. Nh4 Rc8 32. Rxc8 Rxc8 33. Qxh6 Qf8 34.
Qh7+ Qe7 35. Bxe6+ 1-0

[Event "Wch Juvenil 2013 sub-18"]
[Site "Al-Ain UAE"]
[Date "2013.12.22"]
[Round "6.12"]
[White "Loiseau, Quentin"]
[Black "Andersen, Mads"]
[Result "1-0"]
[WhiteElo "2388"]
[BlackElo "2501"]
[PlyCount "45"]
[EventDate "2013.12.19"]
[EventType "swiss"]
[EventRounds "11"]
[EventCountry "UAE"]
[Source "lmi"]
[SourceDate "2013.12.19"]

1. d4 d5 2. c4 c6 3. Nc3 Nf6 4. Nf3 e6 5. Bg5 h6 6. Bh4 dxc4 7. e4 g5 8. Bg3 b5
9. Be2 Bg7 10. O-O g4 11. Ne5 b4 12. Na4 Nxe4 13. Bf4 h5 14. f3 Nf6 15. Nc5 O-O
16. Bg5 Qc7 17. fxg4 Nd5 18. Bxc4 f6 19. Qd3 fxe5 20. Qg6 Qd6 21. Rxf8+ Kxf8
22. Rf1+ Nf4 23. Bxe6 1-0

[Event "Wch Juvenil 2013 sub-18"]
[Site "Al-Ain UAE"]
[Date "2013.12.22"]
[Round "6.13"]
[White "Kriebel, Tadeas"]
[Black "Ynojosa, Felix Jose"]
[Result "1-0"]
[WhiteElo "2363"]
[BlackElo "2448"]
[PlyCount "55"]
[EventDate "2013.12.19"]
[EventType "swiss"]
[EventRounds "11"]
[EventCountry "UAE"]
[Source "lmi"]
[SourceDate "2013.12.19"]

1. e4 c5 2. Nf3 Nc6 3. d4 cxd4 4. Nxd4 e5 5. Nb5 d6 6. N1c3 a6 7. Na3 b5 8. Nd5
Nf6 9. Bg5 Be7 10. Bxf6 Bxf6 11. c4 b4 12. Nc2 Rb8 13. Be2 O-O 14. O-O Bg5 15.
Qd3 f5 16. Bf3 f4 17. Rfd1 Kh8 18. b3 a5 19. Qe2 Qd7 20. h3 a4 21. Qd2 Qb7 22.
bxa4 b3 23. axb3 Qxb3 24. a5 Bd8 25. a6 Rf7 26. Ndb4 Ba5 27. Rxa5 Nxa5 28. Qxd6
1-0